000 00628nam a2200205Ia 4500
001 23424
003 GE_BSU
008 181216s||||||||xx |||||||||||||| ||und||
040 _cGE_BSU
245 _aВода химия и экология04-06/2018.
245 _bВсероссийский научно-практический журнал
245 _cГл. ред. Кулов Н.Н.
260 _aмосква
260 _c2018г.
300 _a156ст;29см;
653 _aВода химия и экология 04-06/2018.
653 _aПериодика
653 _aპერიოდიკა
942 _cCR
999 _c56311
_d56311